000 00623nam a2200205Ii 4500
001 8958
003 CO-ViMGA
008 241108s9999||||xx |||||||||||||| ||und||
040 _aCO-ViMGA
_bspa
_erda
_cCO-ViMGA
041 0 _aspa
082 0 4 _a338.900986142 C172o
100 1 _aCámara de Comercio de Bogotá,
_99921
245 1 0 _aBogotá :
_bestructura y principales servicios públicos
264 1 _aBogotá, Colombia : Arco, 1978
300 _avolumen
336 _atext
_btxt
_2rdacontent
337 _aunmediated
_bn
_2rdamedia
338 _avolume
_bnc
_2rdacarrier
940 _aidficha_siabuc: 8758. -- ficha_no_siabuc:8958
999 _c39842
_d39842